[Event "ROM-ch U10 Girls"]
[Site "Calimanesti"]
[Date "2018.04.01"]
[Round "7"]
[White "Popa, Ana"]
[Black "Borisov, Sofia Ioana"]
[Result "0-1"]
[WhiteElo "1001"]
[BlackElo "1020"]
[PlyCount "100"]
[EventDate "2018.03.27"]
[EventType "swiss"]
[EventRounds "9"]
[EventCountry "ROU"]
[SourceTitle "CBM 183 Extra"]
[Source "ChessBase"]
[SourceDate "2018.04.19"]
[SourceVersion "1"]
[SourceVersionDate "2018.04.19"]
[SourceQuality "1"]

1. e4 e5 2. Nf3 Nf6 3. Nc3 Nc6 4. d4 exd4 5. Nxd4 d6 6. Nxc6 bxc6 7. Bg5 Be7 8. Qe2 0-0 9. 0-0-0 Nd7 10. Bxe7 Qxe7 11. f4 Re8 12. g4 Nf6 13. Bg2 Bxg4 14. Bf3 Bxf3 15. Qxf3 Nxe4 16. Nxe4 Qxe4 17. Qxe4 Rxe4 18. Rhf1 h6 19. h4 Rae8 20. b3 Kh7 21. Kd2 c5 22. Kd3 Rd4+ 23. Kc3 Rxd1 24. Rxd1 Re3+ 25. Rd3 Rxd3+ 26. Kxd3 Kg6 27. Ke3 Kh5 28. Kf3 Kxh4 29. c4 c6 30. Ke4 Kg4 31. a4 h5 32. Ke3 h4 33. Kf2 h3 34. Kg1 Kxf4 35. Kh2 Kg4 36. a5 f5 37. a6 f4 38. Kg1 f3 39. b4 cxb4 40. Kf2 h2 41. Ke3 h1Q 42. Ke4 c5 43. Kd5 Qd1+ 44. Kc6 f2 45. Kb7 f1Q 46. Kxa7 Qf7+ 47. Kb6 Qxc4 48. a7 Qa4 49. Kb7 Qca6+ 50. Ka8 Qxa7# 0-1